000 01358nam a2200313 a 4500
001 000024631
005 20260520104306.0
008 110127s1994 ag r 000 | spa d
020 _a9506943214
040 _aDO-SdBNP
_bspa
_cBNPHU
041 1 7 _aeng
_hspa
_2Código de idioma MARC
082 _a341
_bM938e
100 1 _aMoynihan, Daniel P.
_950514
240 1 0 _aOn the law of nations. A historical and personal account of the role of international law in foreign policy.
_lEspañol
245 1 0 _aEnsayo histórico sobre la ley de las naciones /
_cDaniel P. Moynihan; traducción Cristina Piña.
260 _aBuenos Aires, (Argentina) :
_bGrupo Editor Latinoamericano,
_c1994.
300 _a211 p. ;
_c25 cm.
490 1 _aEstudios Internacionales
504 _aIncluye referencias bibliográficas : p. 297-302
534 _aTítulo original en inglés :
_tOn the law of nations. A historical and personal account of the role of international law in foreign policy.
650 4 _aDerecho internacional
_xEnsayos, conferencias, etc.
_950515
650 4 _aDerecho internacional
_xHistoria
_950516
650 0 _aDerecho internacional
_93258
650 4 _aDerecho internacional público
_99388
650 0 _aRelaciones internacionales
_9399
700 1 _aPiña, Cristina,
_etr.
_947086
830 0 _aEstudios Internacionales
_948515
049 _aBNGR
999 _c24124
_d24124